| 000 | 00524nam a2200193 a 4500 | ||
|---|---|---|---|
| 005 | 20260322212035.0 | ||
| 008 | data | ||
| 010 | _a79-017817 | ||
| 090 | _aHA 29 R85 1980 | ||
| 100 | 1 | _aRunyon, Richard P. | |
| 245 | 1 | 0 |
_aFundamentals of behavioral statistics/ _cRichard P. Runyon. |
| 250 | _a4th ed. | ||
| 260 |
_aReading, Mass. _bAddison-Wesley _cc1980 |
||
| 300 |
_axii, 462 p. : _b ill. |
||
| 500 | _aIncludes bibliographical references and index. | ||
| 650 | 0 | 2 |
_aSocial Sciences _xAged |
| 650 | 0 | 2 | _aStatistics |
| 001 | data | ||
| 999 |
_c806 _d806 |
||